000 00569nam a2200241Ia 4500
003 OSt
005 20230522111720.0
008 210423s2013 xx 000 0 und d
020 _a978-81-203-4329-0
040 _cAL
041 _aeng
082 _a512 ARTA
_223
100 _aARTIN (Michael).
_941724
245 _aAlgebra Ed 2
250 _a2
260 _aNew Delhi
_bPHI Learning Pvt Ltd
_c2013
300 _axv,543
_bPB
365 _b375
_cINR
650 _aAlgebra
_941725
650 _aMathematics
_941726
906 _aAlgebra ; Ed
942 _2ddc
_cBK
999 _c165212
_d165212